MARC

LEADER 00000nam0a2200000 4500
001 151382
005 20231101221545.0
035 |a (RuTPU)RU\TPU\book\164126 
090 |a 151382 
100 |a 20090122d1971 m y0rusy50 ca 
101 0 |a rus 
102 |a RU 
105 |a a z 001zb 
200 1 |a Академик И. В. Курчатов  |f П. Т. Асташенков 
210 |a Москва  |c Воениздат  |d 1971 
215 |a 304 с.  |c ил. 
318 |5 63413507  |a Коллекция серии ЖЗЛ  |b выставка 
320 |a Библиогр.: с. 302. 
600 1 |a Курчатов  |g Игорь Васильевич  |b И. В.  |c российский физик  |c академик АН СССР  |f 1902/1903-1960  |2 stltpush  |3 (RuTPU)RU\TPU\pers\1083 
606 |a Физики  |x Персоналии  |2 stltpush  |3 (RuTPU)RU\TPU\subj\67452  |9 83245 
606 |a Ядерная физика  |2 stltpush  |3 (RuTPU)RU\TPU\subj\21560  |9 46524 
610 1 |a академики 
610 1 |a физическая наука 
610 1 |a СССР 
610 1 |a история 
675 |a 53(092)  |v 3 
675 |a 539.14  |v 3 
700 1 |a Асташенков  |b П. Т.  |g Петр Тимофеевич 
801 1 |a RU  |b 63413507  |c 20090122  |g PSBO 
801 2 |a RU  |b 63413507  |c 20180213  |g PSBO 
942 |c BK